Messi : (Record no. 137731)

MARC details
000 -LEADER
fixed length control field 00831nam a2200265 i 4500
001 - CONTROL NUMBER
control field C2-0340587
003 - CONTROL NUMBER IDENTIFIER
control field PPAK
005 - DATE AND TIME OF LATEST TRANSACTION
control field 20180728142453.0
008 - FIXED-LENGTH DATA ELEMENTS--GENERAL INFORMATION
fixed length control field 170130s2016 enka|||| ||||| | eng d
020 ## - INTERNATIONAL STANDARD BOOK NUMBER
International Standard Book Number 9781785780905
040 ## - CATALOGING SOURCE
Original cataloging agency PPAK
Language of cataloging eng
Transcribing agency PPAK
Description conventions rda
082 04 - DEWEY DECIMAL CLASSIFICATION NUMBER
Classification number 796.334092
Edition number 23
090 00 - LOCALLY ASSIGNED LC-TYPE CALL NUMBER (OCLC); LOCAL CALL NUMBER (RLIN)
Classification number (OCLC) (R) ; Classification number, CALL (RLIN) (NR) 796.334092
Feature heading CAI
Feature heading G
100 1# - MAIN ENTRY--PERSONAL NAME
Personal name Caioli, Luca,
Dates associated with a name 1958-
Relator term author
245 10 - TITLE STATEMENT
Title Messi :
Remainder of title more than a superstar
250 ## - EDITION STATEMENT
Edition statement 2017 updated edition
264 #1 - PRODUCTION, PUBLICATION, DISTRIBUTION, MANUFACTURE, AND COPYRIGHT NOTICE
Place of production, publication, distribution, manufacture London :
Name of producer, publisher, distributor, manufacturer Icon Books ,
Date of production, publication, distribution, manufacture, or copyright notice 2016
300 ## - PHYSICAL DESCRIPTION
Extent viii, 343 pages :
Other physical details colour photographs ;
Dimensions 20 cm
336 ## - CONTENT TYPE
Source rdacontent
Content type term text
337 ## - MEDIA TYPE
Source rdamedia
Media type term unmediated
338 ## - CARRIER TYPE
Source rdacarrier
Carrier type term volume
500 ## - GENERAL NOTE
General note Includes bibliographical references (pages 341-343).
650 10 - SUBJECT ADDED ENTRY--TOPICAL TERM
Topical term or geographic name entry element Messi, Lionel, 1987- ; Soccer players - Argentina - Biography.
942 ## - ADDED ENTRY ELEMENTS (KOHA)
-- dc
Koha item type Book
Holdings
Withdrawn Not for loan Current library Shelving location Date acquired Total Checkouts Full call number Barcode Date last seen Date last checked out Koha item type
    Perpustakaan Alor Setar Pinjaman Dewasa 08/02/2017 2 796.334092 CAI A01520065 17/08/2022 27/07/2022 Book
    Perpustakaan Awam Sungai Petani Pinjaman Dewasa 08/02/2017 1 796.334092 CAI A01520066 26/02/2023 06/02/2023 Book
    Perpustakaan Jitra Pinjaman Dewasa 08/02/2017 2 796.334092 CAI A01520067 03/12/2022 12/11/2022 Book